Management science Modeling / (Record no. 528872)

000 -LEADER
fixed length control field 01744cam a22003854a 4500
001 - CONTROL NUMBER
control field 11992501
003 - CONTROL NUMBER IDENTIFIER
control field NUST
005 - DATE AND TIME OF LATEST TRANSACTION
control field 20190914163624.0
008 - FIXED-LENGTH DATA ELEMENTS--GENERAL INFORMATION
fixed length control field 000502s2001 caua b 001 0 eng
010 ## - LIBRARY OF CONGRESS CONTROL NUMBER
LC control number 00033737
020 ## - INTERNATIONAL STANDARD BOOK NUMBER
International Standard Book Number 0534371353
038 ## - RECORD CONTENT LICENSOR
Staff Name Atta
040 ## - CATALOGING SOURCE
Original cataloging agency DLC
Transcribing agency DLC
Modifying agency DLC
042 ## - AUTHENTICATION CODE
Authentication code pcc
050 00 - LIBRARY OF CONGRESS CALL NUMBER
Item number W55 2001
082 00 - DEWEY DECIMAL CLASSIFICATION NUMBER
Classification number 658
Edition number 21
100 1# - MAIN ENTRY--PERSONAL NAME
Personal name Albright Winston, Wayne L.
9 (RLIN) 20683
245 10 - TITLE STATEMENT
Title Management science Modeling /
Statement of responsibility, etc. Wayne L. Winston, S. Christian Albright ; with case studies by Mark Broadie.
250 ## - EDITION STATEMENT
Edition statement 2nd ed.
260 ## - PUBLICATION, DISTRIBUTION, ETC.
Place of publication, distribution, etc. Pacific Grove, CA :
Name of publisher, distributor, etc. Brooks/Cole,
Date of publication, distribution, etc. 2001.
300 ## - PHYSICAL DESCRIPTION
Extent xviii, 953 p. :
Other physical details ill. ;
Dimensions 26 cm.
Accompanying material + 1 computer laser optical disc (4 3/4 in.)
500 ## - GENERAL NOTE
General note Study guide (186 p. ; 24 cm.).
504 ## - BIBLIOGRAPHY, ETC. NOTE
Bibliography, etc. note Includes bibliographical references (p. 943-947) and index.
650 #0 - SUBJECT ADDED ENTRY--TOPICAL TERM
Topical term or geographic name entry element Management science
General subdivision Computer simulation.
9 (RLIN) 20684
650 #0 - SUBJECT ADDED ENTRY--TOPICAL TERM
Topical term or geographic name entry element Management science
General subdivision Mathematical models.
9 (RLIN) 20685
650 #0 - SUBJECT ADDED ENTRY--TOPICAL TERM
Topical term or geographic name entry element Electronic spreadsheets.
9 (RLIN) 20686
700 1# - ADDED ENTRY--PERSONAL NAME
Personal name Albright, S. Christian.
9 (RLIN) 20687
700 1# - ADDED ENTRY--PERSONAL NAME
Personal name Broadie, Mark Nathan.
9 (RLIN) 20688
856 42 - ELECTRONIC LOCATION AND ACCESS
Materials specified Contributor biographical information
Uniform Resource Identifier <a href="http://www.loc.gov/catdir/enhancements/fy1105/00033737-b.html">http://www.loc.gov/catdir/enhancements/fy1105/00033737-b.html</a>
856 42 - ELECTRONIC LOCATION AND ACCESS
Materials specified Publisher description
Uniform Resource Identifier <a href="http://www.loc.gov/catdir/enhancements/fy1105/00033737-d.html">http://www.loc.gov/catdir/enhancements/fy1105/00033737-d.html</a>
856 41 - ELECTRONIC LOCATION AND ACCESS
Materials specified Table of contents only
Uniform Resource Identifier <a href="http://www.loc.gov/catdir/enhancements/fy1105/00033737-t.html">http://www.loc.gov/catdir/enhancements/fy1105/00033737-t.html</a>
906 ## - LOCAL DATA ELEMENT F, LDF (RLIN)
a 7
b cbc
c orignew
d 1
e ocip
f 20
g y-gencatlg
942 ## - ADDED ENTRY ELEMENTS (KOHA)
Source of classification or shelving scheme
Koha item type Book
Holdings
Withdrawn status Lost status Source of classification or shelving scheme Damaged status Not for loan Permanent Location Current Location Shelving location Date acquired Total Checkouts Full call number Barcode Date last seen Price effective from Koha item type
          Central Library (CL) Central Library (CL) Management Sciences 09/14/2019   658 NBS9602 09/14/2019 09/14/2019 Book
© 2023 Central Library, National University of Sciences and Technology. All Rights Reserved.